00687nam a2200133Ia 450000500170000000800410001702000180005808200130007610000190008924500290010826000410013730000130017850003620019120241029030019.0240331s9999 xx 000 0 und d a9789555236102 bDECa823 aDe Chickera, L 2aA tigress of Kilinochchi aDehiwalabLakshman de Chickerac2010 a240 p ., aA Tigress of Kilinochchi takes center stage in the book, and is a tale of a young Tamil family struggling to make ends meet in the Big City and are caught up in the tragic travails of the Ethnic War where the Mother is gang raped and murdered after which the two adolescent daughters go different ways, one seeking revenge, the other extending forgiveness.